| 000 | 00586nam a2200241 a 4500 | ||
|---|---|---|---|
| 001 | nice12345678 | ||
| 003 | IN_TiNIC | ||
| 005 | 20260116014716.0 | ||
| 008 | 130220s2012 dela grp 000 0 eng | ||
| 020 |
_a9780670083862 _c699 |
||
| 082 | 0 | 0 |
_a320.0954 _bGUH |
| 100 | _aGuha, Ramachandra | ||
| 245 | _aPatriots and Partisans | ||
| 260 |
_aDelhi _bPenguin Books _c2012 |
||
| 300 | _a334p | ||
| 500 | _aincludes index and biblioraphy | ||
| 505 | 2 | _aIndex | |
| 650 | _aDemocracy-India | ||
| 700 | 1 | _aGuha, Ramachandra | |
| 902 | _bSRS | ||
| 942 | _cBK | ||
| 999 |
_c16575 _d16575 |
||